header

Instant HTML5 Geolocation how-to (Record no. 1097)

MARC details
000 -LEADER
fixed length control field 01388nam a2200325 a 4500
100 1# - MAIN ENTRY--AUTHOR NAME
Personal name Werdmuller, Ben.
245 10 - TITLE STATEMENT
Title Instant HTML5 Geolocation how-to
260 ## - PUBLICATION, DISTRIBUTION, ETC. (IMPRINT)
Place of publication Birmingham :
Name of publisher Packt Pub.,
Year of publication 2013.
300 ## - PHYSICAL DESCRIPTION
Number of Pages 48 p. :
Other physical details ill. (chiefly col.)
500 ## - GENERAL NOTE
General note "Instant: short, fast, focused"--Cover.
650 #0 - SUBJECT ADDED ENTRY--TOPICAL TERM
Topical Term HTML (Document markup language)
Topical Term Mobile geographic information systems.
Topical Term Application program interfaces (Computer software)
Topical Term Application software
Topical Term Internet programming.
856 40 - ELECTRONIC LOCATION AND ACCESS
Uniform Resource Identifier http://site.ebrary.com/lib/rucke/Doc?id=10714634

No items available.

© 2026 Rongo University
Contact us: librarian | system librarian | Rongo university